Sports Quiz

Random Sports or Art Quiz
Score 0/11 Timer 05:00
0 Plays Today
Martial Art % Correct
karate
93.5%
judo
82.6%
Kung fu
75%
taekwondo
69.6%
aikido
59.8%
muay thai
44.6%
jujitsu
44.6%
kick boxing
26.1%
ninjutsu
15.2%
capoera
6.5%
Jeet kun do
4.3%
Come Together.
Have Fun.
All Virtual.
We all need to come together. Play Sporcle's virtual live trivia to have fun, connect with people, and get your trivia on. Join a live hosted trivia game for your favorite pub trivia experience done virtually. If a virtual private party is more your thing, go here for details.

You're not logged in!

Compare scores with friends on all Sporcle quizzes.
OR
Log In

Sporcle TV

Today on Sporcle TV


Watch our educational content, quiz creation guides, and fun videos on Sporcle TV.

Show Comments

Extras

Created Feb 6, 2011ReportNominate
Tags:Art Quiz, martial, scramble

Top Quizzes Today


Score Distribution

Paid Content

Your Account Isn't Verified!

In order to create a playlist on Sporcle, you need to verify the email address you used during registration. Go to your Sporcle Settings to finish the process.

Report this User

Report this user for behavior that violates our Community Guidelines.

Details: